Década del '30 /

Guardado en:
Autor Corporativo: UBA.
Formato: Deslizar
Series:Sociedad y Estado
Materias:
CGT
Etiquetas: Agregar Etiqueta
Sin Etiquetas, Sea el primero en etiquetar este registro!
LEADER 01066ngm a22003015g 4500
001 CEM.cems022498
008 130507b2000##################0###0#####d
005 20241105144022.0
245 1 0 |a Década del '30 /  |c UBA. 
300 |a 27'. 
490 0 |a Sociedad y Estado 
500 |a En soporte VHS, consultar en ventanilla. 
505 0 |a Golpe del 06/09/1930. El régimen conservador. El fraude electoral. Pacto Roca-Runciman. Banco Central. Sindicalismo y CGT. Guerra civil española y 2da.guerra mundial. Neutralidad argentina. El G.O.U. Golpe del 4 de junio. 
538 |a Soporte: VHS - Norma: Pal N - Color: Si - Grabación DRD 2000 - Hitachi=3795 
110 2 |a UBA. 
082 9 8 |/ UBA-2 
653 |a HISTORIA ARGENTINA 
653 |a SOCIEDAD 
653 |a ESTADO 
653 |a DECADA DEL '30 
653 |a CONSERVADORES 
653 |a FRAUDE 
653 |a ROCA-RUNCIMAN 
653 |a SINDICALISMO 
653 |a CGT 
653 |a NIVEL PRIMARIO 
653 |a NIVEL SECUNDARIO 
859 |a CEMS  |b BIB. CEMS - Depto. Recursos Didacticos  |h 982  |i UBA-2  |k DRD  |p 1141.12  |t Ej.1